[Event "Dortmund op-A"]
[Site "Dortmund"]
[Date "2004.07.24"]
[Round "2"]
[White "Shtivelband, Vladimir"]
[Black "Wolter, Jens"]
[Result "1/2-1/2"]
[WhiteElo "2204"]
[BlackElo "2036"]
[PlyCount "132"]
[EventDate "2004.07.??"]
[EventType "swiss"]
[EventRounds "9"]
[EventCountry "GER"]
[SourceTitle "EXT 2006"]
[Source "ChessBase"]
[SourceDate "2005.11.24"]
[SourceVersion "1"]
[SourceVersionDate "2005.11.24"]
[SourceQuality "1"]

1. c4 Nc6 2. d4 d5 3. Nf3 Bg4 4. e3 e6 5. Nc3 Qd7 6. h3 Bh5 7. cxd5 exd5 8. Bb5 f6 9. 0-0 Bf7 10. e4 0-0-0 11. exd5 Bxd5 12. Be3 Nge7 13. Rc1 Kb8 14. Nxd5 Qxd5 15. Qa4 a6 16. Bxa6 Qa5 17. Qxa5 Nxa5 18. Bb5 Nd5 19. Bd2 Bb4 20. Bxb4 Nxb4 21. a3 Nbc6 22. Rcd1 Nb3 23. d5 Ne7 24. Rfe1 Nc8 25. Re3 Nc5 26. b4 Nd7 27. Ba4 Ndb6 28. Bb3 Rhe8 29. a4 Rxe3 30. fxe3 Ne7 31. a5 Nbc8 32. Nd4 g6 33. Ne6 Rd6 34. e4 c6 35. Rd3 b6 36. Bc4 b5 37. Bb3 cxd5 38. exd5 Nc6 39. Rc3 Nxb4 40. Rc5 Na7 41. Nd4 Nd3 42. Rc2 Ne5 43. Ne6 Nc4 44. Bxc4 bxc4 45. Rxc4 Rxd5 46. a6 Rd6 47. Rb4+ Kc8 48. Nc5 Rc6 49. Rb7 Rxc5 50. Rxa7 Ra5 51. h4 h5 52. Rg7 Rxa6 53. Rxg6 Kd7 54. Rh6 Ra5 55. Rxf6 Ke7 56. Rf4 Ke6 57. Kh2 Ra3 58. Rf3 Ra4 59. Kh3 Rg4 60. Rf8 Ra4 61. Rh8 Ra5 62. Kg3 Kf6 63. Rg8 Ra3+ 64. Kf2 Ra4 65. g3 Ra5 66. Ke3 Re5+ 1/2-1/2

[Event "Dortmund op-A"]
[Site "Dortmund"]
[Date "2003.08.02"]
[Round "2"]
[White "Shtivelband, Vladimir"]
[Black "Dahmen, Christoph"]
[Result "1-0"]
[WhiteElo "2191"]
[BlackElo "1986"]
[PlyCount "46"]
[EventDate "2003.08.01"]
[EventType "swiss"]
[EventRounds "9"]
[EventCountry "GER"]
[SourceTitle "CBM 095 Extra"]
[Source "ChessBase"]
[SourceDate "2003.09.04"]
[SourceVersion "1"]
[SourceVersionDate "2003.09.04"]
[SourceQuality "1"]

1. c4 Nf6 2. Nf3 g6 3. Nc3 Bg7 4. e4 d6 5. Be2 0-0 6. 0-0 e5 7. d4 Na6 8. Be3 Ng4 9. Bg5 Qe8 10. h3 h6 11. Bh4 Nf6 12. dxe5 dxe5 13. Qc1 g5 14. Bg3 Nh5 15. Bxe5 Bxe5 16. Nxe5 Nf4 17. Nf3 Nxe2+ 18. Nxe2 Qxe4 19. Re1 Bxh3 20. Ng3 Qc6 21. Qc3 g4 22. Nh4 Bxg2 23. Ngf5 f6 1-0